000 00668nam a2200229Ia 4500
003 OSt
005 20221005133744.0
006 a|||||r|||| 00| 0
007 ta
008 221004b |||||||| |||| 00| 0 pan d
024 _a62816
037 _cTextual
040 _aCRL
_cCRL
_bpan
041 _2pan
_apan
082 _aO153,2NPA,12, M7
100 _aਨਨਕਾਣਵੀ੍ਵ, ਪਾਂਧੀ
245 0 _aਤਲਵੰਡੀ ਦੀ Fਮ੍ਹਾਂ
260 _c1987
650 _aਪੰਜਾਬੀ ਸਾਹਿਤ
942 _hO153,2NPA,12, M7
_cTEXL
_2cc
999 _c1067798
_d1067798